Vijayanagara visions : (Record no. 17639)

MARC details
000 -LEADER
fixed length control field 00830nam a22002177a 4500
005 - DATE AND TIME OF LATEST TRANSACTION
control field 20081022114441.0
008 - FIXED-LENGTH DATA ELEMENTS--GENERAL INFORMATION
fixed length control field 081022t xxu||||| |||| 00| 0 eng d
010 ## - LIBRARY OF CONGRESS CONTROL NUMBER
LC control number ENG-84300
020 ## - INTERNATIONAL STANDARD BOOK NUMBER
International Standard Book Number 019568320X
020 ## - INTERNATIONAL STANDARD BOOK NUMBER
Terms of availability 695.00 (hb)
035 ## - SYSTEM CONTROL NUMBER
System control number EN-67833
082 ## - DEWEY DECIMAL CLASSIFICATION NUMBER
Classification number 954.8024
100 ## - MAIN ENTRY--PERSONAL NAME
Personal name Jackson, William J
245 ## - TITLE STATEMENT
Title Vijayanagara visions :
Remainder of title religious experience and cultural creativity in a south Indian empire/
Statement of responsibility, etc by William J Jackson
260 ## - PUBLICATION, DISTRIBUTION, ETC. (IMPRINT)
Place of publication, distribution, etc New Delhi
Name of publisher, distributor, etc Oxford University Press
260 ## - PUBLICATION, DISTRIBUTION, ETC. (IMPRINT)
Date of publication, distribution, etc 2007
300 ## - PHYSICAL DESCRIPTION
Extent xv,381p
Dimensions 22cm
500 ## - GENERAL NOTE
General note Includes bibliographical references and index
942 ## - ADDED ENTRY ELEMENTS (KOHA)
Source of classification or shelving scheme Dewey Decimal Classification
Koha item type English Books
Classification part 954.8024
Call number suffix JAC
Holdings
Withdrawn status Lost status Source of classification or shelving scheme Damaged status Not for loan Collection code Home library Current library Date acquired Cost, normal purchase price Total Checkouts Full call number Barcode Date last seen Copy number Cost, replacement price Price effective from Koha item type
    Dewey Decimal Classification   Not For Loan Non-fiction D.B.Act.Division D.B.Act.Division 28/02/2007 695.00   954.8024 JAC EN-67833 04/11/2008 1 695.00 04/11/2008 English Books

© Delhi Public Library
Hit Counter
free hit counter